| 000 | 00507nam a2200181Ia 4500 | ||
|---|---|---|---|
| 999 |
_c34571 _d34571 |
||
| 003 | OSt | ||
| 005 | 20200903110701.0 | ||
| 008 | 190216s9999||||xx |||||||||||||| ||und|| | ||
| 020 | _a9780521733120 | ||
| 040 | _coclc | ||
| 082 |
_a531 _bGRE/C |
||
| 100 |
_aGregory, R Douglas _94398 |
||
| 245 | 0 |
_aClassical Mechanics / _c R Douglas Gregory |
|
| 260 |
_bCambridge Uty Press, _c2008. _aNew Delhi: |
||
| 300 | _a596p | ||
| 650 | _aPhysics | ||
| 942 |
_cBK _2ddc _h531 _iGRE/C _k531 _mGRE/C |
||